000 00721nam a2200205Ia 4500
005 20260121110400.0
008 008 260114s9999 xx 000 0 hin d
020 _a9788132395935
037 _aEBOOK
040 _aCRL
_bhin
_cCRL
041 _ahin
_2hin
084 _qCRL
100 _aत्रिशार वोहरा / Trishar Vohra
_9945496
245 0 _aपेस्ट्री बेकिंग और डेकोरेशन की तकनीक / Pastry Baking Aur Decoration Ki Takneek
260 _bभाषा प्रकाशन / Bhasha Prakashan
_c2023
856 _uhttps://bhashaprakashan.com/product-details/437995
942 _cEBOOK
999 _c1537160
_d1537160